000 01330nac a22004457a 4500
001 BR7604682
003 BR-BrBNA
005 20240105114014.0
008 230509b bl.|||m| |||| 00| 0 por d
040 _aBR-BrBNA
_bpor
_cBiblioteca Nacional de Agricultura
072 _aL01; E70
090 _aL01 BR7604682
110 1 _aSubsecretaria de Planejamento e Orcamento, Brasilia, DF (Brasil)
245 1 _aSerie estatistica agropecuaria. Parana, Santa Catarina, Rio Grande do Sul, Mato Grosso, Goias, Distrito Federal - pecuaria, avicultura, apicultura e sericicultura, 1945/73
260 3 _aBrasilia, DF (Brasil):
_c1976.
300 _a362 p.
490 _aSerie Estatisticas Agropecuarias - Subsecretaria de Planejamento e Orcamento (Brazil)
_vv. 7(4)
_x
650 _aBOVINO
650 _aSUINO
650 _aEQUINO
650 _aOVINO
650 _aCAPRINO
650 _aAVE DOMESTICA
650 _aLEITE
650 _aLA
650 _aOVO
650 _aMEL
650 _aCERA
650 _aABELHA
650 _aCASULO
650 _aCOMERCIALIZACAO
650 _aPARANA
650 _aSANTA CATARINA
650 _aRIO GRANDE DO SUL
650 _aMATO GROSSO
650 _aGOIAS
650 _aDISTRITO FEDERAL
909 _a202312
_bLúcia Elande
_c55
_dLúcia Elande
942 _2AGRIS
_n0
_cMS
999 _c266844
_d266844